000 01314cab a2200289 4500
001 ABS56626
008 090401t1997 xxu||||| |||| 00| 0 eng d
035 _a(Sirsi) u24912
041 _aeng
245 _aShimizu (UK) Ltd v Westminster CC
260 _c1997
350 _a0
490 _aAll England Law Reports
_v[1997] 1 AllER 481-501(11)
520 _aHL 6 February 1997. Appellants purchased a listed building with consent to demolish everything except the facades, chimney breasts and chimney stacks. S then applied for listed building consent to demolish internal chimney breasts in order to add an extra floor and extra value to the building. SoS refused the application and S claimed compensation under the Planning (Listed Buildings and Conservation Areas) Act 1990 s27. LT held compensation payable to S by the planning authority. CA allowed an appeal by the plannng authority. HL upheld appeal.
650 _aALTERATION
650 _aCHIMNEY BREASTS
650 _aCOMPENSATION
650 _aDEMOLITION
650 _aFACADES
650 _aLISTED BUILDING CONSENT
650 _aLISTED BUILDINGS
650 _aPLANNING LISTED BUILDINGS AND CONSERVATION AREAS ACT 1990 S27
650 _aREFUSAL
690 _aPLANNING LAW AND PRACTICE-CASE LAW
942 _n0
948 _c04/03/1997
999 _c16708
_d16708